| 000 | 00850nam a2200301Ia 4500 | ||
|---|---|---|---|
| 001 | 41345 | ||
| 003 | IT-RoPAU | ||
| 008 | 130308s9999 xx 000 0 und d | ||
| 040 | _aIT-RoPAU | ||
| 040 | _cIT-RoPAU | ||
| 041 | _aFRANCESE | ||
| 100 | _aCharaudeau Patrick | ||
| 100 | _gCodice Aut. SPICS: 11491 | ||
| 245 | _aProblemes d'analyse des medias | ||
| 245 | _bAspects Du Discours Radiophonique | ||
| 250 | _a1a ed. | ||
| 260 | _aPARIS | ||
| 260 | _bDidier | ||
| 260 | _c1984 [1° Ed.:1984 - Ed.Ling.Originale:1984] | ||
| 300 | _a"4 p. (prefazione: no ; testo: 4 [pagine: 5-9])" | ||
| 500 | _aAnalisi dei mezzi Radiofonici Studio delle Condizioni del testo e delle Interpretazioni | ||
| 650 | _aLINGUAGGIO RADIOFONICO | ||
| 650 | _eCodice materia Spics: 6904 | ||
| 942 | _cBK | ||
| 957 | _71 | ||
| 999 |
_c56721 _d56721 |
||
| 999 | _bSI | ||
| 999 | _g1 | ||